Quiz sur le réseau diplomatique français - Statistiques

Statistiques générales
  • Ce quiz a été pris 16 fois
    15 depuis la dernière actualisation
  • Le résultat moyen est 12 sur 20
Statistiques - réponses
Question Réponse % Correct
Quelle est la mission principale de l'ambassadeur ? Représenter la France
100%
Quel ministère pilote le réseau diplomatique ? Ministère de l'Europe et des Affaires étrangères
92%
Où se trouve les 162 ambassades étrangères accrédités en France ? Paris
85%
Quel document recense les Français à l'étranger ? Registre des Français établis hors de France
85%
Combien d'ambassades françaises y a-t-il dans le monde ? (2025) 162
77%
Quel est le chef de poste diplomatique principal ? Ambassadeur
69%
Quel est le rôle du "conseiller politique" de l'ambassade ? Analyse politique
69%
Quel rôle assure le "chargé des affaires consulaires" ? Protection des français
69%
Combien de consulats généraux compte la France à l'étranger ? (2025) 92
62%
Quel agrément préalable est nécessaire pour un nouvel ambassadeur ? Lettre de créance
62%
Les ambassadeurs thématiques sont nommés pour : une mission précise
62%
Combien d'électeurs sont inscrits sur les listes électorales consulaires en 2025 ? 1,6 million
54%
Qui nomme l'ambassadeur en Conseil des ministres ? Président de la République
54%
Laquelle de ses ambassades est française ?
46%
Combien de représentations permanentes auprès d'organisations internationales ? (2025) 16
46%
Qui a le plus grand réseau d'ambassades mondial ? États-Unis
46%
Quel est le premier pays d'accueil des Français de l'étranger ? Suisse
46%
Quel rang mondial occupe la France pour son réseau d'ambassades ? 3e
38%
Quelle part des Français de l'étranger sont établies en Europe ? 48%
38%
Combien existe-il de sections consulaires françaises dans le monde ? 113
31%
Aucun quiz correspondant
Distribution des résultats
% des personnes avec chaque résultat
Percentile par nombre de réponses
Votre historique - résultats
Vous n’avez pas pris ce quiz depuis la dernière actualisation